000 00285nam a22001337a 4500
008 170911b xxu||||| |||| 00| 0 eng d
020 _a0060464623
041 _aeng
080 _a91
100 _a42
101 _aGJEO
245 _aPHYSICAL GEOLOGY
_cSTRAHLER,A,N
942 _2udc
_cBK
999 _c26993
_d26993